000 00558nam a2200169 i 4500
001 104294
003 ES-MaACL
005 20230906183549.0
007 t|
008 051128s1973 sp ||||1| spa d
100 1 _aMiguel y Miguel, Amalia de.
_981038
245 1 0 _aAbecedario de la caridad
_b: (de la A a la Z) /
_cAmalia de Miguel y Miguel; nota preliminar de D. José María Cabovevilla.
260 _aMadrid :
_bStudium,
_c1973.
300 _a121 p. ;
_c21 cm.
700 1 _aCabodevilla, José María.
_933240
852 _aES-MaACL
_jC-55982
_bR.88560
999 _c104294
_d104294